|
|
|
|
| LEADER |
00000nam0a2200000 4500 |
| 001 |
141393 |
| 005 |
20231031142424.0 |
| 010 |
|
|
|a 5247011260
|
| 020 |
|
|
|a RU
|b 90-53253
|
| 035 |
|
|
|a (RuTPU)RU\TPU\book\153244
|
| 090 |
|
|
|a 141393
|
| 100 |
|
|
|a 20080813d1990 km y0rusy5003 ca
|
| 101 |
0 |
|
|a rus
|
| 102 |
|
|
|a RU
|
| 105 |
|
|
|a a z 001zy
|
| 200 |
1 |
|
|a Урановые месторождения древних щитов
|f А. И. Тишкин, А. В. Тарханов, В. А. Стрельцов
|
| 210 |
|
|
|a Москва
|c Недра
|d 1990
|
| 215 |
|
|
|a 143 с.
|c ил.
|
| 320 |
|
|
|a Библиогр.: с. 143.
|
| 610 |
1 |
|
|a урановые руды
|
| 610 |
1 |
|
|a месторождения
|
| 610 |
1 |
|
|a поиски
|
| 610 |
1 |
|
|a разведка
|
| 675 |
|
|
|a 553.495
|z rus
|
| 700 |
|
1 |
|a Тишкин
|b А. И.
|g Андрей иванович
|4 070
|
| 701 |
|
1 |
|a Тарханов
|b А. В.
|g Алексей Владимирович
|
| 701 |
|
1 |
|a Стрельцов
|b В. А.
|g Владимир Александрович
|
| 801 |
|
0 |
|a RU
|b RuMRKP
|c 19950417
|g psbo
|
| 801 |
|
1 |
|a RU
|b 63413507
|c 20080813
|g PSBO
|
| 801 |
|
2 |
|a RU
|b 63413507
|c 20110115
|g PSBO
|
| 942 |
|
|
|c BK
|